|
|
|
|
| LEADER |
00000nam0a2200000 4500 |
| 001 |
200500 |
| 005 |
20231101224946.0 |
| 010 |
|
|
|a 9785941782642
|
| 035 |
|
|
|a (RuTPU)RU\TPU\book\218576
|
| 090 |
|
|
|a 200500
|
| 100 |
|
|
|a 20110908d2011 m y0rusy50 ca
|
| 101 |
0 |
|
|a rus
|
| 102 |
|
|
|a RU
|
| 105 |
|
|
|a y j 001zy
|
| 200 |
1 |
|
|a Маркетинговые коммуникации
|e учебное пособие для вузов
|f Н. В. Карпова [и др.]
|
| 210 |
|
|
|a Старый Оскол
|c ТНТ
|d 2011
|
| 215 |
|
|
|a 256 с.
|
| 320 |
|
|
|a Библиогр.: с. 245-249.
|
| 330 |
|
|
|a Учебное пособие предназначено для приобретения, закрепления и углубления теоретических знаний в области маркетинговых коммуникаций. В учебном пособии рассматриваются основные понятия, принципы, функции, средства и методы маркетинговых коммуникаций, роль коммуникаций в стратегическом планировании, при разработке товарной и ценовой политики, маркетинговые решения в сбытовой деятельности и организации коммуникативных процессов. Пособие содержит изложение основных положений и проблем, связанных с вопросами организации планирования и проведения необходимых мероприятий в коммуникационной деятельности предприятия и их клиентов в условиях развития рыночных отношений в России. Теоретический материал излагается с использованием графического и табличного материала, что облегчает понимание рассматриваемых вопросов. Соответствует требованиям учебной программы подготовки специалистов экономических специальностей. Учебное пособие рекомендуется студентам вузов, обучающимся по экономическим специальностям, слушателям курсов повышения квалификации и менеджерам предприятий, может быть использовано для самообразования.
|
| 606 |
1 |
|
|a Маркетинг
|2 stltpush
|3 (RuTPU)RU\TPU\subj\41036
|9 60857
|
| 610 |
1 |
|
|a маркетинговые коммуникации
|
| 610 |
1 |
|
|a реклама
|
| 610 |
1 |
|
|a сэмплинг
|
| 610 |
1 |
|
|a рекламные кампании
|
| 610 |
1 |
|
|a торговые знаки
|
| 610 |
1 |
|
|a торговые марки
|
| 610 |
1 |
|
|a бренды
|
| 610 |
1 |
|
|a сбыт
|
| 610 |
1 |
|
|a стимулирование
|
| 610 |
1 |
|
|a PR
|
| 610 |
1 |
|
|a паблик рилейшнз
|
| 610 |
1 |
|
|a личные продажи
|
| 610 |
1 |
|
|a учебные пособия
|
| 686 |
|
|
|a У9(2)212.4я73
|v LBC/SL-A
|2 rubbk
|
| 701 |
|
1 |
|a Карпова
|b Н. В.
|g Надежда Васильевна
|
| 701 |
|
1 |
|a Черникова
|b А. А.
|g Алефтина Анатольевна
|
| 701 |
|
1 |
|a Карпова
|b В. В.
|g Вера Владимировна
|
| 701 |
|
1 |
|a Селютина
|b Н. В.
|g Наталия Валериевна
|
| 801 |
|
1 |
|a RU
|b 63413507
|c 20110908
|
| 801 |
|
2 |
|a RU
|b 63413507
|c 20150519
|g RCR
|
| 900 |
|
|
|a Маркетинговые коммуникации
|
| 942 |
|
|
|c BK
|
| 951 |
|
|
|b 151900
|
| 959 |
|
|
|a 74/20110908
|d 2
|e 0,00
|f ЧЗГЛ:1
|f АНЛ:1
|